The basics of New Testament syntax : (Record no. 9795)
[ view plain ]
| 000 -LEADER | |
|---|---|
| fixed length control field | 03287pam a2200385 i 4500 |
| 001 - CONTROL NUMBER | |
| control field | 43684564 |
| 003 - CONTROL NUMBER IDENTIFIER | |
| control field | OCoLC |
| 005 - DATE AND TIME OF LATEST TRANSACTION | |
| control field | 20241126110719.0 |
| 008 - FIXED-LENGTH DATA ELEMENTS--GENERAL INFORMATION | |
| fixed length control field | 000309s2000 miua b 001 0 eng |
| 010 ## - | |
| -- | 00029003 |
| 020 ## - INTERNATIONAL STANDARD BOOK NUMBER | |
| International Standard Book Number | 0310232295 |
| Qualifying information | (hardcover ; |
| -- | alk. paper) |
| 020 ## - INTERNATIONAL STANDARD BOOK NUMBER | |
| International Standard Book Number | 9780310232292 |
| Qualifying information | (hardcover ; |
| -- | alk. paper) |
| 020 ## - INTERNATIONAL STANDARD BOOK NUMBER | |
| Canceled/invalid ISBN | 9780310321576 |
| Qualifying information | ebook |
| 035 ## - SYSTEM CONTROL NUMBER | |
| System control number | (OCoLC)43684564 |
| Canceled/invalid control number | (OCoLC)1247079378 |
| 040 ## - CATALOGING SOURCE | |
| Original cataloging agency | DLC |
| Language of cataloging | eng |
| Description conventions | rda |
| Transcribing agency | DLC |
| Modifying agency | YDX |
| 050 00 - | |
| -- | PA851 |
| -- | .W338 2000 |
| 082 00 - DEWEY DECIMAL CLASSIFICATION NUMBER | |
| Classification number | 487.4 |
| Edition information | 21 |
| Item number | WAL |
| 100 1# - MAIN ENTRY--PERSONAL NAME | |
| Personal name | Wallace, Daniel B. |
| Authority record control number or standard number | https://id.loc.gov/authorities/names/n95062614 |
| 9 (RLIN) | 8685 |
| 245 14 - TITLE STATEMENT | |
| Title | The basics of New Testament syntax : |
| Remainder of title | an intermediate Greek grammar / |
| Statement of responsibility, etc. | Daniel B. Wallace. |
| 264 #1 - PRODUCTION, PUBLICATION, DISTRIBUTION, MANUFACTURE, AND COPYRIGHT NOTICE | |
| Place of production, publication, distribution, manufacture | Grand Rapids, Mich. : |
| Name of producer, publisher, distributor, manufacturer | Zondervan Pub. House, |
| Date of production, publication, distribution, manufacture, or copyright notice | [2000] |
| 264 #4 - PRODUCTION, PUBLICATION, DISTRIBUTION, MANUFACTURE, AND COPYRIGHT NOTICE | |
| Date of production, publication, distribution, manufacture, or copyright notice | ℗♭2000 |
| 300 ## - PHYSICAL DESCRIPTION | |
| Extent | 334 pages : |
| Other physical details | illustrations ; |
| Dimensions | 24 cm |
| 336 ## - CONTENT TYPE | |
| Content type term | text |
| Content type code | txt |
| Source | rdacontent |
| 337 ## - MEDIA TYPE | |
| Media type term | unmediated |
| Media type code | n |
| Source | rdamedia |
| 338 ## - CARRIER TYPE | |
| Carrier type term | volume |
| Carrier type code | nc |
| Source | rdacarrier |
| 500 ## - GENERAL NOTE | |
| General note | "Abridgement of Greek grammar beyond the basics." |
| 504 ## - BIBLIOGRAPHY, ETC. NOTE | |
| Bibliography, etc. note | Includes bibliographical references and index. |
| 505 0# - FORMATTED CONTENTS NOTE | |
| Formatted contents note | Part I: Syntax of nouns and nominals -- A. The cases -- The cases: An introduction -- Nominative case -- Vocative case -- Genitive case -- Dative case -- Accusative case -- B. The article -- Part I: Origin, function, regular uses, absence -- Part II: Special uses and non-uses of the article -- C. Adjectives -- D. Pronouns -- E. Prepositions -- Part II: Syntax of verbs and verbals -- A. Person and number -- B. Voice -- Active -- Middle -- Passive -- C. Mood -- Indicative -- Subjective -- Optative -- Imperative -- D. Tense -- The tenses: An introduction -- Present -- Imperfect -- Aorist -- Future -- Perfect and pluperfect -- E. The infinitive -- F. The participle -- Syntax of the clause -- Introduction to Greek clauses -- The role of conjunctions -- Special studies in the clauses. |
| 520 8# - SUMMARY, ETC. | |
| Summary, etc. | The Basics of New Testament Syntax provides concise, up-to-date guidance for intermediate Greek students to do accurate exegesis of biblical texts. Abridged from Greek Grammar Beyond the Basics: An Exegetical Syntax of the New Testament, the popular exegetical Greek grammar for studies in Greek by Daniel B. Wallace, The Basics of New Testament Syntax offers a practical grammar for second-year students. The strengths of this abridgment will become quickly apparent to the user: 1) it shows the relevance of syntax for exegesis and is thoroughly cross-referenced to Exegetical Syntax; 2) it includes an exceptional number of categories useful for intermediate Greek studies; 3) it is easy to use, and each semantic category is discussed, and a definition and key to identification are provided; 4) scores of charts and tables are included to enable the intermediate student to grasp the material quickly -- From publisher description. |
| 630 00 - SUBJECT ADDED ENTRY--UNIFORM TITLE | |
| Uniform title | Bible. |
| Name of part/section of a work | New Testament |
| General subdivision | Language, style. |
| Authority record control number or standard number | https://id.loc.gov/authorities/subjects/sh85013754 |
| 9 (RLIN) | 1151 |
| 650 #0 - SUBJECT ADDED ENTRY--TOPICAL TERM | |
| Topical term or geographic name entry element | Greek language, Biblical |
| General subdivision | Syntax. |
| Authority record control number or standard number | https://id.loc.gov/authorities/subjects/sh2009126071 |
| 9 (RLIN) | 8686 |
| 650 #0 - SUBJECT ADDED ENTRY--TOPICAL TERM | |
| Topical term or geographic name entry element | Greek language, Biblical |
| General subdivision | Grammar. |
| Authority record control number or standard number | https://id.loc.gov/authorities/subjects/sh2008105406 |
| 9 (RLIN) | 2933 |
| 700 1# - ADDED ENTRY--PERSONAL NAME | |
| Personal name | Wallace, Daniel B. |
| Title of a work | Greek grammar beyond the basics. |
| 9 (RLIN) | 17077 |
| 942 ## - ADDED ENTRY ELEMENTS (KOHA) | |
| Source of classification or shelving scheme | Dewey Decimal Classification |
| Koha item type | Language |
| Withdrawn status | Lost status | Source of classification or shelving scheme | Damaged status | Not for loan | Home library | Current Library | Shelving location | Date acquired | Total checkouts | Full call number | Barcode | Date last seen | Copy number | Price effective from | Koha item type |
|---|---|---|---|---|---|---|---|---|---|---|---|---|---|---|---|
| Dewey Decimal Classification | GRACE BIBLE COLLEGE | GRACE BIBLE COLLEGE | Language | 2023-07-25 | 487.4 WAL | 016388 | 2025-05-01 | c.1 | 2023-07-25 | Language | |||||
| Dewey Decimal Classification | GRACE BIBLE COLLEGE | GRACE BIBLE COLLEGE | Language | 2024-06-26 | 487.4 WAL | 016921 | 2025-05-01 | c.2 | 2024-06-26 | Language | |||||
| Dewey Decimal Classification | GRACE BIBLE COLLEGE | GRACE BIBLE COLLEGE | Language | 2024-06-26 | 487.4 WAL | 016922 | 2025-05-01 | c.3 | 2024-06-26 | Language |